000 00540nam a2200193Ia 4500
005 20250508150450.0
008 008 250505s9999 xx 000 0 eng d
037 _aTextual
040 _aFEDL
_beng
_cFEDL
041 _aeng
_2eng
084 _a157.07, PAU
_qFEDL
100 _aPaulhan F.
_985708
245 0 _aLaws of feeling
260 _aLondon, UK
_bKegan Paul, Trench, Trubner and Co. Ltd
_c1930
300 _axiv,213p.
650 _aAbnormal Psychology
942 _cTEXL
_h157.07, PAU
999 _c1323787
_d1323787